| 000 | 00561nam a2200169 i 4500 | ||
|---|---|---|---|
| 001 | 109510 | ||
| 003 | ES-MaACL | ||
| 005 | 20230906184845.0 | ||
| 007 | t| | ||
| 008 | 061121s1905 sp r ||||1| spa d | ||
| 100 | 1 |
_aMitjana, Rafael. _981697 |
|
| 245 | 1 | 0 |
_aEn el Magreb-El Aksa _b: Viaje de la Embajada Española a la Corte del Sultán de Marruecos en el año 1900 / _cRafael Mitjana. |
| 260 |
_aValencia : _bF. Sempere y Compañía, _c[1905] |
||
| 300 |
_a305 p. ; _c19 x 13 cm. |
||
| 651 | 4 |
_aMarruecos- _xDescripción. _99025 |
|
| 852 |
_aES-MaACL _jD-2537 |
||
| 999 |
_c109510 _d109510 |
||